| 000 | 00570nam a22001937a 4500 | ||
|---|---|---|---|
| 003 | BD-ChCU | ||
| 005 | 20260510115640.0 | ||
| 008 | 260510b ny ||||| |||| 00| 0 eng d | ||
| 020 | _a9789811624933 | ||
| 040 | _cBD-ChCU | ||
| 082 |
_223 _a583.763 M277 |
||
| 100 |
_aRastogi, Rajesh P. _922677 |
||
| 245 |
_aMangroves : _becoloy biodiversity and management/ _cRajesh P Rastogi...(et.al.). |
||
| 260 |
_aNew York : _bSpringer, _c2021 |
||
| 300 | _a551 P. : | ||
| 504 | _aIncludes. | ||
| 650 | 0 |
_aMangrove-biodivesity ; Mangroves ecology. _922679 |
|
| 942 |
_2ddc _cBK _n0 |
||
| 999 |
_c112822 _d112822 |
||